000 00308nam a22001337a 4500
008 170403b xxu||||| |||| 00| 0 eng d
020 _a0070442452
041 _aeng
080 _a574
100 _a9
101 _aSHM
245 _aHANDBOOL OF OCEAN AND UNDERWATER ENGINEERING
_cMYERS.J.J
942 _2udc
_cBK
999 _c9524
_d9524